Estadísticas del sector agropecuario. Informe a diciembre de 1987

El análisis consta de 42 cuadros estadísticos referentes al sector agropecuario, donde se analiza la producción de café, banano, azúcar, cacao, precios internacionales de productos de origen agrícola, como el plátano, el chayote, la yuca, el maíz, el algodón y la harina. Finalmente, se toman en cuen...

Täydet tiedot

Tallennettuna:
Bibliografiset tiedot
Päätekijä: Delgado V, Gerardo
Aineistotyyppi: Teksti
Julkaistu: San José: Banco Central de Costa Rica. División Económica
Aiheet:
Tagit: Lisää tagi
Ei tageja, Lisää ensimmäinen tagi!

MARC

LEADER 00000 a a2200000 04500
001 12338
003
040
090 |a 023500  
100 |a Delgado V, Gerardo  
245 |a Estadísticas del sector agropecuario. Informe a diciembre de 1987  
260 |a San José:   |b Banco Central de Costa Rica. División Económica  
300 |a 45 p.  
300 |b **no definido**  
520 |a El análisis consta de 42 cuadros estadísticos referentes al sector agropecuario, donde se analiza la producción de café, banano, azúcar, cacao, precios internacionales de productos de origen agrícola, como el plátano, el chayote, la yuca, el maíz, el algodón y la harina. Finalmente, se toman en cuenta las exportaciones de ganado vacuno y porcino. HB/EL  
650 |a SECTOR AGROPECUARIO  
650 |a ANALISIS ESTADISTICO  
650 |a SECTOR AGROPECUARIO  
650 |a PRODUCCION AGROPECUARIA  
650 |a CAFE  
650 |a BANANOS  
650 |a CAÑA DE AZUCAR  
650 |a GANADO VACUNO  
650 |a EXPORTACIONES  
650 |a PRECIOS  
999 |c 12511  |d 12511